01188cam a2200181 45000010005000000200025000051000018000302450094000482600028001423000034001705000031002045040050002355050233002855200372005186510038008906510042009286510036009706766 a9780753513545 (pbk.)1 aFarndon, John10aIndia booms :bthe breathtaking development and influence of modern India /cJohn Farndon aLondon :bVirgin,c2008 a262 p. :bill., maps ;c20 cm aOriginally published: 2007 aIncludes bibliographical references and index aCONTENTS: India's Booming Economy -- The Government of India -- Religious India -- India and Pakistan -- India and the USA -- Village India -- Metro India -- Young India -- Cutting-edge India -- India Faces the Future.grt a"India Booms gives a fascinating insight into the country's politics, economy, social organisation, culture and relationships with other nations. The perfect companion to your travel guide, this detailed analysis of the country as it is today shows how it will develop in the future, and the dramatic effect it will have on the rest of the world."--BOOK JACKET. 0aIndiaxEconomic conditionsy1947- 0aIndiaxPolitics and governmenty1977- 0aIndiaxSocial conditionsy1947-